|
ห้องสมุด วิทยาลัยพยาบาลบรมราชชนนี อุดรธานี
Boromarajonani College of Nursing, Udonthani
|


|
mysqli: Table './ulib2015/stat_globaluid' is marked as crashed and last (automatic?) repair failed
select id from stat_globaluid where statuid='20260418180825_4520'
mysqli: Table './ulib2015/stat_globaluid' is marked as crashed and last (automatic?) repair failed
DELETE FROM stat_globaluid
WHERE id NOT IN (
SELECT id
FROM (
SELECT id
FROM stat_globaluid
ORDER BY id DESC
LIMIT 100
) foo
);
mysqli: Table './ulib2015/stat_globaluid' is marked as crashed and last (automatic?) repair failed
insert into stat_globaluid set
statuid='20260418180825_4520',
dt='1776510505',
phpself='/ULIB/dublinfull.php',
agent='Mozilla/5.0 AppleWebKit/537.36 (KHTML, like Gecko; compatible; ClaudeBot/1.0; +claudebot@anthropic.com)',
yea='2026',
mon='4',
dat='18',
ip='216.73.216.142'
| LEADER 00000nam 2200000uu 4500 |
| 001 13399122457 |
| 003 ULIBM |
| 008 020711s ม||||th 000 0 tha d |
| 060 ^aQS4^bด935ก^c2515
|
| 100 ^aสนั่น สุขวัจน์
|
| 245 ^aกายวิภาคศาสตร์และสรีรวิทยา/^cสนั่น สุขวัจน์
|
| 260 ^aกรุงเทพฯ :^b^aบริษัท โรงพิมพ์อักษรสัมพันธ์ (1987) จำกัด,^c2515
|
| 300 ^bภาพประกอบ
|
| 505 0 --^tบทที่ 1 กายวิภาคศาสตร์ สรีรวิทยา--^tบทที่ 2 สิ่งที่มีชีวิต--^tบทที่ 3 TISSUE--^tบทที่ 4 ระบบกระดูก--^tบทที่ 5 ระบบกล้ามเนื้อ--^tบทที่ 6 ระบบประสาท--^tบทที่ 7 ประสาทรับความรู้สึกต่าง ๆ--^tบทที่ 8 ระบบการไหลเวียนของโลหิตและน้ำเหลือง--^tบทที่ 9 ระบบหายใจ--^tบทที่ 10 ระบบย่อยอาหารและการถ่ายเท
|
| 505 0 --^tบทที่ 11 ระบบปัสสาวะ--^tบทที่ 12 ระบบสืบพันธุ์--^tบทที่ 13 ต่อมไร้ท่อ
|
| 700 0 ^aเดือนเพ็ญ ชาติกานนท์
|
| 999 ^aวริดา
|
| คุณยังไม่ได้ล็อกอิน คุณสามารถมีกิจกรรมร่วมกับเว็บไซต์ได้ แต่ต้องล็อกอินก่อน :: |
|
mysqli: Can't create/write to file '/var/tmp/#sql_59d_0.MAI' (Errcode: 2)
select * from index_db where titl like '%กายวิภาคศาสตร์และสรีรวิทยา/ สนั่น สุขวัจน์%' and mid<>'13399122457' order by rand() limit 3
mysqli: Can't create/write to file '/var/tmp/#sql_59d_0.MAI' (Errcode: 2)
select * from index_db where auth like '%สนั่น สุขวัจน์%' and mid<>'13399122457' order by rand() limit 3
|
ยังไม่เคยถูกคอมเมนท์
|
| คอมเมนท์ทรัพยากรรายการนี้ |
|